00682nam a2200241 a 4500001001300000003000900013005001700022008004100039020001000080082001500090100001900105245002400124260003500148300000900183500003500192505001300227650003600240700001900276902000800295942000700303952011500310999001500425nice12345678IN_TiNIC20260116012040.0050524s1967 newa grp 000 0 eng  ac14700a241.4bBOS aBosley, Harold aCharacter of Christ aNew YorkbAbingdon Pressc1967 a143p aincludes index and biblioraphy2 aAppendix aJesus Christ-Person and Offices1 aBosley, Harold bSRS cBK 001040708StackRoom-aHMIbHMId2007-06-29g147.00l0o241.4 BOSp05860r2007-06-29v147.00w2005-05-24yBK c5423d5423